000 00387nam a2200169Ia 4500
008 221030s9999 xx 000 0 und d
020 _a100333935764
041 _aEnglish
082 _a105.23
100 _aS. S. Yadav
245 0 _aForeign Exchange Markets
260 _bMacmillan
_aNew Delhi
_c2007
300 _a254
650 _aManagement
700 _aP. K. Jain
942 _cBK
999 _c5663
_d5663